Statistics for Every Country Shape

Click here to take the quiz!

General Stats

  • This quiz has been taken 67,349 times
    (66,579 since last reset)
  • The average score is 71 of 196

Answer Stats

Answer % Correct
United States
98%
Canada
95%
Australia
93%
Japan
92%
Italy
91%
United Kingdom
89%
France
89%
Norway
88%
China
87%
Chile
84%
Indonesia
83%
Greece
83%
India
82%
Iceland
80%
Philippines
78%
Cuba
76%
New Zealand
76%
Vietnam
75%
Mexico
75%
Russia
74%
Spain
70%
Germany
70%
Thailand
70%
Croatia
69%
Turkey
69%
Denmark
66%
Cyprus
66%
Argentina
65%
South Africa
64%
Somalia
63%
Brazil
63%
Portugal
62%
Austria
62%
Egypt
61%
Myanmar
58%
Morocco
56%
Israel
55%
Sweden
55%
Papua New Guinea
53%
Ireland
53%
Laos
53%
Panama
53%
Madagascar
51%
Malaysia
51%
Bangladesh
50%
Senegal
50%
Mali
50%
Kazakhstan
49%
Pakistan
49%
Ukraine
48%
Gambia
48%
Netherlands
48%
Namibia
47%
Finland
47%
Sri Lanka
47%
Switzerland
46%
Haiti
46%
Iran
46%
Mozambique
44%
Benin
44%
Nepal
44%
D.R. Congo
43%
Peru
43%
Libya
42%
Taiwan
41%
Maldives
41%
Venezuela
40%
Afghanistan
40%
North Korea
40%
Mongolia
39%
Uzbekistan
39%
Iraq
39%
South Korea
38%
Estonia
37%
Angola
37%
Algeria
37%
Mauritania
36%
Jordan
36%
United Arab Emirates
35%
Chad
35%
Eritrea
35%
Zambia
35%
Czech Republic
34%
Cameroon
34%
Bosnia and Herzegovina
33%
Jamaica
33%
Bahamas
33%
Ethiopia
33%
Poland
33%
Oman
32%
Colombia
32%
Sudan
32%
Kosovo
32%
Syria
31%
Serbia
31%
Saudi Arabia
31%
Nicaragua
30%
Moldova
30%
Yemen
30%
Slovakia
29%
Malawi
29%
Tunisia
29%
Romania
29%
Azerbaijan
28%
Belgium
28%
Trinidad and Tobago
28%
Costa Rica
28%
Turkmenistan
28%
Latvia
27%
Malta
27%
Togo
27%
Tajikistan
26%
Bulgaria
26%
Vatican City
26%
Kyrgyzstan
26%
Hungary
26%
Monaco
26%
Albania
26%
Niger
26%
Belarus
25%
Gabon
25%
Equatorial Guinea
25%
Ecuador
25%
Rep. of the Congo
24%
Ivory Coast
24%
Paraguay
24%
Kuwait
23%
Georgia
22%
Tanzania
21%
Ghana
21%
Kenya
21%
Nigeria
21%
Cape Verde
21%
Singapore
21%
Central African Republic
21%
Guyana
20%
Guatemala
20%
South Sudan
20%
Guinea
20%
Luxembourg
20%
Burkina Faso
20%
East Timor
20%
Montenegro
20%
Bolivia
19%
Saint Kitts and Nevis
19%
Liberia
19%
Slovenia
19%
Brunei
19%
Lithuania
19%
North Macedonia
19%
Armenia
18%
Belize
18%
Zimbabwe
18%
Guinea-Bissau
18%
Nauru
18%
Solomon Islands
17%
Fiji
17%
Qatar
17%
F.S. Micronesia
17%
Botswana
17%
Liechtenstein
17%
Antigua and Barbuda
16%
Kiribati
16%
Honduras
16%
Lebanon
16%
São Tomé and Príncipe
16%
El Salvador
15%
Vanuatu
15%
Marshall Islands
15%
Cambodia
15%
Djibouti
14%
Seychelles
14%
Dominican Republic
14%
Bahrain
14%
Tuvalu
13%
Uganda
13%
Comoros
13%
San Marino
13%
Burundi
12%
Tonga
12%
Samoa
11%
Saint Lucia
11%
Palau
11%
Sierra Leone
11%
Dominica
10%
Eswatini
10%
Barbados
10%
Grenada
10%
Uruguay
10%
St. Vincent and the Grenadines
9%
Lesotho
9%
Andorra
9%
Bhutan
9%
Suriname
9%
Rwanda
9%
Mauritius
9%

Score Distribution

Percentile by Number Answered

Percent of People with Each Score

Your Score History

You have not taken this quiz since the last reset